| 000 | 00970nas a2200337 4500 | ||
|---|---|---|---|
| 001 | BR0401206 | ||
| 003 | BR-BrBNA | ||
| 005 | 20231205104416.0 | ||
| 007 | ta | ||
| 008 | 230509b bl.|||p| |||| 00| 00por d | ||
| 040 |
_aBR-BrBNA _bpor _cBiblioteca Nacional de Agricultura |
||
| 041 | _a(Pt) | ||
| 072 | _aH20 | ||
| 100 | 1 | _aGarçon, C.L.P. | |
| 100 | 1 | _aZambolim, L. | |
| 100 | 1 | _aMizubuti, E.S.G. | |
| 100 | 1 | _aVale, F.X.R. do | |
| 100 | 1 | _aCosta, H. | |
| 100 | 1 | _aChaves, G.M. | |
| 245 | 1 | _aProgresso da ferrugem do cafeeiro (Hemileia vastatrix)em diferentes altitudes | |
| 650 | _aFERRUGEM | ||
| 650 | _aHEMILEIA VASTATRIX | ||
| 650 | _aCAFÉ | ||
| 650 | _aCOFFEA ARABICA | ||
| 650 | _aALTITUDE | ||
| 650 | _aEPIDEMIOLOGIA | ||
| 650 | _aANÁLISE ESTATÍSTICA | ||
| 773 | 0 |
_tSumma Phytopathologica (Brazil) _xISSN 0100-5405 _g(Jul-Sep 2002), v. 28(3) p. 267-270 _wBR0401206 |
|
| 909 |
_a202311 _bLúcia _c55 _dLúcia Elande |
||
| 942 |
_2AGRIS _n0 _cANA |
||
| 999 |
_c177993 _d177993 |
||